Actuacions per a una mobilitat sostenible : jornada 3 jornada 3
Descripción Física:
[72] f.: il. b/n, taules, map. ; 30 cm
MARC
| LEADER | 00000nam a2200000Ia 4500 | ||
|---|---|---|---|
| 001 | 24257 | ||
| 003 | BGR | ||
| 005 | 20260324180603.0 | ||
| 008 | 160829s1996 xx 000 0 cat d | ||
| 080 | |a Bib-209 | ||
| 111 | |a Jornades Sobre Mobilitat i Qualitat Ambiental Municipal |9 71294 |c (Barcelona : |d 1996) | ||
| 245 | |a Actuacions per a una mobilitat sostenible : |b jornada 3 | ||
| 260 | |a Barcelona : |b Diputació de Barcelona. Servei del Medi Ambient, |c 1996 | ||
| 300 | |a [72] f.: |b il. b/n, taules, map. ; |c 30 cm | ||
| 590 | |a Dossier de les jornades, celebrades el 19 de juny de 1997 a l'Escola Industrial (Barcelona). | ||
| 590 | |a Text en castellà i català | ||
| 650 | |a Mobilitat residencial |x Barcelona (província) |9 49321 | ||
| 650 | |a Transport |x Aspectes ambientals |x Congressos |9 49324 | ||
| 650 | 0 | |a Circulació urbana |v Congressos |9 49884 | |
| 650 | |a Transport |x Aspectes ambientals |x Congressos |9 49324 | ||
| 710 | 1 | |a Barcelona (Catalunya : Província). |b Servei de Medi Ambient |9 53475 | |
| 901 | |a Arxiu | ||
| 942 | |n 1 |2 udc |c JC | ||
| 952 | |0 0 |1 0 |4 0 |6 BIB209 |7 1 |9 55265 |a Arxiu |b Arxiu |d 2016-12-01 |l 0 |o Bib-209 |p 24257 |r 2016-12-01 00:00:00 |w 2016-12-01 |y ARXIU | ||
| 999 | |c 59138 |d 59138 | ||